Les 100 meilleurs séries de tous les temps (classement FNAC) - Statistiques

Statistiques générales
  • Ce quiz a été pris 94 fois
  • Le résultat moyen est 10 sur 100
Statistiques - réponses
Place Série % Correct
3 Breaking Bad
75%
7 Game of Thrones
72%
43 Prison Break
55%
36 Stranger Things
53%
21 Friends
51%
68 La Casa de Papel
47%
39 Peaky Blinders
34%
72 Grey's Anatomy
31%
1 Les Soprano
29%
42 Lost
28%
45 Dexter
23%
35 Dark
22%
71 Dr House
20%
69 Narcos
19%
10 Les Simpson
18%
6 Better Call Saul
16%
11 Chernobyl
16%
53 Euphoria
16%
23 The Office
16%
18 Black Mirror
14%
75 How I Met Your Mother
14%
16 The Crown
14%
20 House of Cards
13%
2 The Wire
13%
93 Oz
12%
81 The Mandalorian
12%
82 Andor
10%
87 Loki
10%
56 Sex Education
10%
5 Succession
10%
44 The X-Files
10%
47 Homeland
8%
17 Ozark
8%
19 Sherlock
8%
66 The Bridge
8%
90 Umbrella Academy
8%
34 Mr.Robot
7%
28 Rick and Morty
7%
29 South Park
7%
31 The Bear
7%
83 The Boys
7%
73 Urgences
7%
41 Westworld
7%
85 Daredevil
6%
61 Doctor Who
6%
74 Scrubs
6%
15 Six Feet Under
6%
14 True Detective
6%
9 Twin Peaks
6%
88 WandaVision
6%
78 Modern Family
5%
77 The Good Place
5%
76 Brooklyn Nine-Nine
4%
86 Jessica Jones
4%
4 Mad Men
4%
37 Mindhunter
4%
22 Seinfeld
4%
95 Spartacus
4%
40 The Handmaid's Tale
4%
48 24 Heures chrono
2%
57 Big Little Lies
2%
65 Broadchurch
2%
13 Fargo
2%
38 Hannibal
2%
92 Killing Eve
2%
94 Rome
2%
98 The Good Wife
2%
25 Arrested Development
1%
12 Band of Brothers
1%
33 Barry
1%
96 Battlestar Galactica
1%
27 BoJack Horseman
1%
26 Community
1%
30 Fleabag
1%
97 Fringe
1%
63 Luther
1%
24 Parks and Recreation
1%
89 Sandman
1%
54 Skins
1%
49 24: Legacy
0%
32 Atlanta
0%
51 Better Things
0%
50 Boardwalk Empire
0%
67 Borgen
0%
100 Deadwood
0%
91 Doctor Foster
0%
70 El Chapo
0%
52 Girls
0%
64 Line of Duty
0%
80 Shameless (UK)
0%
79 Shameless (US)
0%
58 Sharp Objects
0%
62 Sherlock Holmes
0%
55 Skam
0%
46 The Americans
0%
8 The Leftlovers
0%
99 The Newsroom
0%
59 The Night Of
0%
60 True Blood
0%
84 Watchmen
0%
Aucun quiz correspondant
Distribution des résultats
% des personnes avec chaque résultat
Percentile par nombre de réponses
Votre historique - résultats
Vous n’avez pas pris ce quiz